| 000 | 00591nam a22001817a 4500 | ||
|---|---|---|---|
| 005 | 20251108170108.0 | ||
| 008 | 250721s9999 xx 000 0 ara d | ||
| 082 | 1 | 4 | _aط/ق/أ |
| 100 | 1 | _aعزوز، إبراهيم | |
| 245 | 1 | 0 | _aإقرأ و ربك الأكرم / |
| 264 | 1 |
_aالقاهرة : _bمكتبة نهضة مصر و مطبعتها، _c[19-]. |
|
| 300 | _a36ص : مص | ||
| 490 | 0 | _aالمكتبة الدينية : خاتم الرسل و الأنبياء ؛ 6 | |
| 650 | 1 | 7 | _aأدب الأطفال |
| 650 | 1 | 7 | _aالقصص العربية |
| 942 |
_2ddc _cBK |
||
| 999 |
_c39619 _d39619 |
||